000 004680000a22001810004500
003 MACL
005 20150802164404.0
008 150802b xxu||||| |||| 00| 0 eng d
040 _aMACL
_cMACL
041 _aEnglish
082 _a384/SET
100 _aSethi, Viashal
_94463
245 _aCommunication services in India 1947 to 2007
260 _bNew Century Publications
_c2006
_aNew Delhi
350 _a630
650 _aCommunication
_94464
942 _cBK
_k384
_2ddc
999 _c7971
_d7971